Taylor Swift Timeline - Statistics

General Stats
  • This quiz has been taken 28 times
  • The average score is 18 of 22
Answer Stats
Year/Category Answer % Correct
2014/Album 1989 is Released
100%
2023/Album 1989 (TV) is Released
100%
2012/Album Red is Released
100%
2021/Album Red (TV) is Released
100%
2020/Album Evermore is Released
96%
2020/Album Folklore is Released
96%
2019/Album Lover is Released
96%
2017/Album Reputation is Released
96%
2010/Album Speak Now is Released
96%
2023/Album Speak Now (TV) is Released
96%
2024/Album The Tortured Poets Department Releases
96%
2008/Album Fearless is Released
92%
2021/Album Fearless (TV) is Released
92%
2022/Album Midnights is Released
92%
2006/Album Taylor Swift is Released
92%
2013/Breakup Harry Styles breaks up with her
80%
2023/Breakup Joe Alwyn breaks up with her
80%
1989/Other Born
76%
2010/Breakup Jake Gyllenhaal breaks up with her
60%
2009/Other Kanye Situation
36%
2004/Other Taylor Moves to Nashville
20%
2018/Other Taylor leaves Big Machine Records
8%
No matching quizzes found
Score Distribution
Percent of People with Each Score
Percentile by Number Answered
Your Score History
You have not taken this quiz